Changements entre Pokémon Noir et Blanc et Noir 2 et Blanc 2 - Statistiques

Statistiques générales
  • Ce quiz a été pris 24 fois
  • Le résultat moyen est 10 sur 15
Statistiques - réponses
Question Réponse % Correct
Qui a remplacé Goyah en tant que Maître de la Ligue ? Iris
95%
Combien de temps s'est écoulé entre Noir et Blanc et Noir 2 et Blanc 2 ? 2 ans
90%
A la place de l'Arène d'Ogoesse, quelle est la première Arène du jeu ? Pavonnay
80%
Quelle nouvelle quête nous est confiée par Aimé Daillon, qui nous remet des récompenses à l'accueil des Centres Pokémon ? Chasse aux Médailles
75%
Quel objet permet dorénavant à Kyurem de fusionnersoit avec Zekrom soit avec Reshiram ? Pointeau ADN
75%
Qu'est devenue l'Arène d'Ogoesse dans Noir 2 et Blanc 2 ? Un restaurant
75%
Qu'est ce qui permet de relier Vaguelone à Papeloa ? Aquatube
70%
A la place de l'Arène de Maillard, quelle est la deuxième Arène du jeu ? Ondes-sur-Mer
70%
Quel est le nouveau moyen de locomotion de la Team Plasma ? Frégate Plasma
55%
Qu'est-ce que Bardane a fait ouvrir, en faisant démolirle Hangar Frigorifique ? Pokémon World Tournament
55%
Quelle ville est-il maintenant possible de rejoindre vial'aéroport de Parsemille ? Arpentières
50%
Ou Zhu passe-t-il ses journées maintenant qu'il n'est plusle Champion d'Arène de Flocombe ? Pokéwood
50%
Quelle est la "nouvelle" Team d'antagonistes ? Néo Team Plasma
45%
Qu'est-ce qui occupe une grande partie de la Route 4, reliantVolucité à Méanville ? Galerie Concorde
40%
Qu'est-ce que Bardane a creusé de ses mains ? Route Bardane
30%
Aucun quiz correspondant
Distribution des résultats
% des personnes avec chaque résultat
Percentile par nombre de réponses
Votre historique - résultats
Vous n’avez pas pris ce quiz